Tilastot visalle 10 Happiest Countries In The World

Klikkaa tästä pelataksesi tätä visaa!

Yleistilastot

  • Tätä visaa on pelattu 59 kertaa
  • Keskiarvotulos 7 / 10

Vastaustilastot

Vastaus% Oikein
Finland
96%
Sweden
96%
Norway
92%
Denmark
84%
Iceland
84%
Switzerland
56%
Netherland
48%
Luxembourg
44%
New Zealand
38%
Bhutan
12%

Tulosjakauma

Persentiili vastausten määrän mukaan

Jokaisen tuloksen saaneiden osuus

Tuloshistoriasi

Et ole pelannut tätä visaa